Statistics for Eminem Quiz-multiple choice

Click here to take the quiz!

General Stats

  • This quiz has been taken 60 times
    (32 since last reset)
  • The average score is 21 of 29

Answer Stats

Question Answer % Correct
What is the name of Eminem's diss track on Machine Gun Kelly?Killshot
90%
What is Eminem's alter ego?Slim Shady
90%
What is the name of Eminem's ex wifeKim Mathers
90%
Who discovered Eminem?Dr Dre
90%
What is Eminem's real name?Marshall Mathers
87%
What is the name of Doctor Dre's song with Eminem and Skylar Grey?I need a Doctor
84%
Where did Eminem become famous?Detroit
84%
Who did Eminem sing Stan with originally?Dido
84%
What is the name of Eminem's song with 50 Cent and Ed Sheeran? Hint: It shares the name of a Fort Minor songRemember the Name
84%
Who is the biggest artist Eminem discovered?50 Cent
84%
What is the name of Eminem's biological daughterHailie
84%
What is the name of Eminem's song with Beyonce?Walk on Water
81%
What color hair did Eminem have when he became famous?Blonde
81%
Which of the following movies has Eminem not worked on?Elysium
77%
Who did Eminem sing Stan with at the Grammy's?Elton John
74%
What is Eminem's middle name?Bruce
71%
What is the name of Eminem's Record LabelShady Records
71%
Who is the other half of Bad Meets Evil?Royce Da 5'9
71%
What is the name of Eminem's newest album?Music to be Murdered By
71%
What is the name of Machine Gun Kelly's diss on Eminem?Rap Devil
71%
What did Eminem say he was in the Interview ( film )That he's gay
65%
What is the name of Eminem's song with Jay ZRenegade
61%
What is the name of Eminem's first ever albumInfinite
58%
What is the name of Southpaw's soundtrack ( by Eminem )King's never die
55%
What is the name of Eminem's radio channel?Shade 45
52%
What is the name of the sequel to Stan? ( yes it actually exists )Bad Guy
48%
What is Eminem's most popular song on Youtube?Love the Way you Lie
48%
Who did Eminem collab with on that song?Gwen Stefani
35%
Who was originally supposed to be on the song instead of the above?Lady Gaga
19%

Score Distribution

Percentile by Number Answered

Percent of People with Each Score

Your Score History

You have not taken this quiz since the last reset